[Event "ISR-ch op"]
[Site "Acre"]
[Date "2024.01.21"]
[Round "1"]
[White "Shamir, Alon"]
[Black "Streltsov, Alexey"]
[Result "1/2-1/2"]
[WhiteElo "1496"]
[BlackElo "2341"]
[PlyCount "238"]
[EventDate "2024.01.21"]
[EventType "swiss"]
[EventRounds "9"]
[EventCountry "ISR"]
[SourceTitle "CB05_2024"]
[SourceDate "2024.01.31"]
[SourceVersion "1"]
[SourceVersionDate "2024.01.31"]
[SourceQuality "1"]

1. e4 c5 2. Nf3 e6 3. b3 b6 4. Bb2 Bb7 5. d3 d6 6. Nbd2 Nf6 7. Be2 Nbd7 8. Nc4 b5 9. Ne3 Be7 10. Qd2 Qc7 11. a4 a6 12. axb5 axb5 13. Rxa8+ Bxa8 14. 0-0 0-0 15. Ra1 Bc6 16. Qa5 Bd8 17. Qxc7 Bxc7 18. Kf1 Ra8 19. Rxa8+ Bxa8 20. Bc3 Kf8 21. Ke1 Bc6 22. Bd2 Bb6 23. h3 Ne8 24. Kf1 g6 25. g4 d5 26. exd5 exd5 27. c3 Nd6 28. Nc2 Bb7 29. d4 c4 30. b4 Ne4 31. Be1 f6 32. Nh4 Bc7 33. Bf3 Ng5 34. Bg2 Bf4 35. Ke2 Nb6 36. Ne3 Ke7 37. Bd2 Ne6 38. Nf3 Bd6 39. Nd1 Na4 40. Bf1 Kd7 41. Nh4 Nf4+ 42. Bxf4 Bxf4 43. Ng2 Bc1 44. Nge3 Kd6 45. Bg2 Nb6 46. Kf3 Bc8 47. Ke2 Be6 48. f4 Na4 49. Bf3 Kc6 50. Bg2 Bf7 51. Bf3 Nb6 52. Bg2 Na8 53. h4 Nb6 54. Bf3 g5 55. fxg5 fxg5 56. h5 Be6 57. Ng2 Na4 58. Nge3 Kd6 59. Ng2 Kd7 60. Nge3 Kc6 61. Ng2 Kc7 62. Nge3 Kd6 63. Ng2 h6 64. Nge3 Nb6 65. Bg2 Nd7 66. Bf3 Nf6 67. Kf2 Ke7 68. Ke2 Kd7 69. Kf2 Kd6 70. Ke2 Ng8 71. Kf2 Ne7 72. Ke2 Bg8 73. Bg2 Bh7 74. Bf3 Bd3+ 75. Ke1 Bb1 76. Ke2 Ba2 77. Bg2 Bb1 78. Bf3 Bh7 79. Ke1 Bg8 80. Ke2 Be6 81. Kf2 Ng8 82. Ke2 Kc6 83. Kf2 Nf6 84. Ke2 Ne8 85. Kf2 Nd6 86. Ke2 Bf7 87. Kf2 Bg8 88. Ke2 Be6 89. Kf2 Nc8 90. Ke2 Nb6 91. Kf2 Kd6 92. Ke2 Na4 93. Ng2 Ke7 94. Nge3 Nb6 95. Ng2 Kf7 96. Nge3 Kf6 97. Kf2 Kg7 98. Ke2 Kf7 99. Ng2 Nd7 100. Nge3 Nf6 101. Kf2 Ke7 102. Ke2 Kd6 103. Kf2 Nd7 104. Ke2 Nb6 105. Kf2 Na4 106. Ke2 Kc6 107. Ng2 Kc7 108. Nge3 Kd6 109. Ng2 Bg8 110. Nge3 Bxe3 111. Kxe3 Bh7 112. Kd2 Nb6 113. Ne3 Ke6 114. Bg2 Bd3 115. Bf3 Bh7 116. Bg2 Bd3 117. Bf3 Bh7 118. Bg2 Bd3 119. Bf3 Bh7 1/2-1/2